| 000 | 01417nam a2200325 i 4500 | ||
|---|---|---|---|
| 003 | DO-SdBNP | ||
| 005 | 20250617100212.0 | ||
| 007 | ta | ||
| 008 | 250611s1984 dr 000 0 spa d | ||
| 040 |
_aDO-SdBNP _bspa _cBNPHU _erda |
||
| 082 |
_axxxx _bC749i _222 |
||
| 111 | 1 |
_aCongreso Internacional de la Asociación de Lingüística y Filología de América Latina _n(7mo : _d17-21 de septiembre de 1984 : _cSanto Domingo, República Dominicana) _937891 |
|
| 245 | 1 | 0 |
_aVII Congreso Internacional de la Asociación de Lingüística y Filología de América Latina (ALFAL) : _bHomenaje a Pedro Henríquez Ureña. Programa / |
| 264 | 1 |
_aSanto Domingo : _bUNPHU, _bSecretaría de Estado de Educación Bellas Artes y Cultos, _bUASD, _c1984. |
|
| 300 |
_a24 páginas ; _c22 cm. |
||
| 336 |
_atexto _btxt _2rdacontent |
||
| 337 |
_asin mediación _bn _2rdamedia |
||
| 338 |
_avolumen _bnc _2rdacarrier |
||
| 500 | _a"En homenaje a Pedro Henríquez Ureña". | ||
| 500 | _aSegunda circular. | ||
| 590 | _aInventariado, 2018/LP | ||
| 600 | 1 | 0 |
_aHenríquez Ureña, Pedro, _d1884-1946 _xCrítica e interpretación _91718 |
| 650 | 4 |
_aDialectología _927827 |
|
| 650 | 4 |
_aLinguística _91604 |
|
| 650 | 0 |
_aSociolingüística _927887 |
|
| 710 | 1 |
_aUniversidad Nacional Pedro Henríquez Ureña (UNPHU) _988050 |
|
| 710 | 1 |
_aUniversidad Autónoma de Santo Domingo (UASD) _984760 |
|
| 910 | _aYLockward | ||
| 942 |
_2ddc _cLF2 |
||
| 999 |
_c59217 _d59217 |
||